Statistics for All Flags In The World Quiz

Click here to take the quiz!

General Stats

  • This quiz has been taken 5 times
  • The average score is 151 of 197

Answer Stats

Answer% Correct
Afghanistan
100%
Albania
100%
Angola
100%
Argentina
100%
Armenia
100%
Bahamas
100%
Belgium
100%
Bolivia
100%
Botswana
100%
Bulgaria
100%
Burkina Faso
100%
Cameroon
100%
Canada
100%
Cape Verde
100%
Central African Republic
100%
Chad
100%
Chile
100%
China
100%
Colombia
100%
Costa Rica
100%
Cuba
100%
Cyprus
100%
Czech Republic
100%
Democratic Republic of the Congo
100%
Denmark
100%
Dominican Republic
100%
Egypt
100%
El Salvador
100%
Ethiopia
100%
France
100%
Georgia
100%
Germany
100%
Ghana
100%
Greece
100%
Guatemala
100%
Guinea
100%
Guyana
100%
Haiti
100%
Honduras
100%
Hungary
100%
Iceland
100%
India
100%
Iran
100%
Iraq
100%
Ireland
100%
Italy
100%
Ivory Coast
100%
Jamaica
100%
Japan
100%
Jordan
100%
Kazakhstan
100%
Laos
100%
Liberia
100%
Libya
100%
Mali
100%
Algeria
75%
Andorra
75%
Antigua and Barbuda
75%
Australia
75%
Austria
75%
Azerbaijan
75%
Bahrain
75%
Bangladesh
75%
Barbados
75%
Belarus
75%
Belize
75%
Benin
75%
Bhutan
75%
Bosnia and Herzegovina
75%
Brazil
75%
Brunei
75%
Burundi
75%
Cambodia
75%
Comoros
75%
Croatia
75%
Djibouti
75%
Dominica
75%
East Timor
75%
Ecuador
75%
Equatorial Guinea
75%
Eritrea
75%
Estonia
75%
Eswatini
75%
Fiji
75%
Finland
75%
Gabon
75%
Gambia
75%
Grenada
75%
Guinea-Bissau
75%
Indonesia
75%
Israel
75%
Kenya
75%
Kiribati
75%
Kosovo
75%
Kuwait
75%
Kyrgyzstan
75%
Latvia
75%
Lebanon
75%
Lesotho
75%
Liechtenstein
75%
Lithuania
75%
Luxembourg
75%
Madagascar
75%
Malawi
75%
Malaysia
75%
Maldives
75%
Malta
75%
Marshall Islands
75%
Mauritania
75%
Mexico
75%
Mongolia
75%
Morocco
75%
Myanmar
75%
Namibia
75%
Nepal
75%
Niger
75%
Nigeria
75%
North Korea
75%
North Macedonia
75%
Oman
75%
Pakistan
75%
Panama
75%
Papua New Guinea
75%
Paraguay
75%
Peru
75%
Poland
75%
Portugal
75%
Qatar
75%
Republic of the Congo
75%
Russia
75%
Senegal
75%
Serbia
75%
Singapore
75%
Somalia
75%
South Korea
75%
South Sudan
75%
Spain
75%
Sri Lanka
75%
Sudan
75%
Suriname
75%
Sweden
75%
Switzerland
75%
Syria
75%
Thailand
75%
Turkey
75%
Turkmenistan
75%
Uganda
75%
United Kingdom
75%
United States
75%
Uruguay
75%
Uzbekistan
75%
Venezuela
75%
Vietnam
75%
Yemen
75%
Zambia
75%
Zimbabwe
75%
Federated States of Micronesia
50%
Mauritius
50%
Moldova
50%
Monaco
50%
Montenegro
50%
Mozambique
50%
Nauru
50%
Netherlands
50%
New Zealand
50%
Nicaragua
50%
Norway
50%
Palau
50%
Palestine
50%
Philippines
50%
Romania
50%
Rwanda
50%
Saint Kitts and Nevis
50%
Saint Lucia
50%
Saint Vincent and the Grenadines
50%
Samoa
50%
San Marino
50%
Sao Tome and Principe
50%
Saudi Arabia
50%
Seychelles
50%
Sierra Leone
50%
Slovakia
50%
Slovenia
50%
Solomon Islands
50%
South Africa
50%
Taiwan
50%
Tajikistan
50%
Tanzania
50%
Togo
50%
Tonga
50%
Trinidad and Tobago
50%
Tunisia
50%
Tuvalu
50%
Ukraine
50%
United Arab Emirates
50%
Vanuatu
50%
Vatican City
50%

Score Distribution

Percentile by Number Answered

Percent of People with Each Score

Your Score History

You have not taken this quiz